00869nam a2200181Ia 4500008004100000020001500041050002200056100003500078240004600113245010500159260005000264300004400314500006500358505017100423650002600594650001400620700005300634120721s1999 mx 000 0 spa d a968752991104aQA303bS849 c19991 aStewart, James eautord, 1941 aCalculus concepts and contextslespañol10aCálculo diferencia e integralc / James Stewart ; traducción José Hernán Pérez Castellanos aMéxico b : International Thomsonc , c1999 axviii, 587 páginasb : ilustraciones  aIncluye: apéndices (A1-A113) Incluye: índice (A115-A120) aFunciones y modelos Limites y derivadas Reglas de derivación Aplicaciones de derivación Integrales Aplicaciones de la integración Sucesiones y series infinitas 14aCÁLCULO DIFERENCIAL24aCÁLCULO aPérez Castellanos, José Hernán etraductor